=LDR 00000nam 2200000 4500 =001 INLIS000000000034772 =005 20130612140651 =008 ***********************************ind** =035 ##$$0010-061300000034772 =041 ##$$a ind =082 ##$$a 813 =090 ##$$a 813, Sai r1 =100 ##$$a SAINI, K.M =245 ##$$a Raden banyak Sumba, Bara dendam menuntut balas, Saini K.M ; penyunting, Imam Risdiyanto =260 ##$$a 2008 $b Yogyakartta =300 ##$$a 359 hlm, 20,5 cm =650 ##$$a Fiksi Indonesia - Dewasa =850 ##$$a NBPNMAT =990 ##$$a 0001/BPAP-NTB/20142014 =990 ##$$a 0001/BPAP-NTB/2015 =990 ##$$a 0001/BPAP-NTB/2016 =990 ##$$a 21009331 =990 ##$$a 0001/BPAP-NTB/20142014 =990 ##$$a 0001/BPAP-NTB/2015 =990 ##$$a 21010596 =990 ##$$a 0001/BPAP-NTB/2015 =990 ##$$a 21009331